|
|
|
|
| LEADER |
00848cam a2200277 7i4500 |
| 001 |
0000051419 |
| 005 |
20180405090000.0 |
| 008 |
180322 eng |
| 020 |
|
|
|a 0070998434
|
| 020 |
|
|
|a 9780070998438
|
| 090 |
0 |
0 |
|a HB171.5
|b .F78 2011
|
| 100 |
1 |
|
|a Fraser, Ian
|
| 245 |
1 |
0 |
|a Economics for business
|c Ian Fraser, John Gionea, Simon Fraser.
|
| 250 |
|
|
|a 4th ed.
|
| 260 |
|
|
|a Sydney:
|b McGraw-Hill Australia,
|c 2011.
|
| 300 |
|
|
|a xxiii, 576 p.:
|b ill.;
|c 26 cm.
|
| 500 |
|
|
|a Includes index
|
| 650 |
0 |
0 |
|a Commerce
|
| 650 |
0 |
0 |
|a Business
|
| 650 |
0 |
0 |
|a Economics
|
| 651 |
|
0 |
|a Australia --
|x Economic policy
|
| 651 |
|
0 |
|a Australia --
|x Commercial policy
|
| 700 |
1 |
|
|a Gionea, John
|
| 700 |
1 |
|
|a Fraser, Simon
|
| 997 |
|
|
|a Business & Accountancy, Faculty
|
| 999 |
|
|
|a 0000061549
|b BOK
|c OPEN SHELF
|e 1st Floor, Shah Alam
|